000 00322nam a2200133Ia 4500
008 100328s9999 xx 000 0 und d
082 _b21606
100 _aवर्टी अ.वा.
245 _aहेरंब
260 _bराजा
630 _aहेरंब
730 _aहेरंब
942 _cBOOK
999 _c515608
_d515605